000 00859nam a2200205 i 4500
001 132090
003 ES-MaACL
005 20251116063106.0
007 t|
008 070214s1907 sp |||| | spa d
080 _a821.134.2-21"15"
100 1 _aRojas, Fernando de,
_dca. 1470-1541
_999042
240 1 3 _aLa Celestina
245 1 3 _aLa Celestina :
_btragicomedia de Calisto y Melibea : texto de veintiún actos según la edición de Valencia, 1514, comparado con el primitivo de diez y seis, según las de Burgos, 1499, y Sevilla, 1501 /
_cFernando de Rojas ; lleva como apéndice el Auto de Traso.
246 3 _aAuto de Traso
260 _aMadrid :
_bLibrería de Perlado, Páez y Cª (Suc. de Hernando),
_c1907 (
_fImp. de los Suc. de Hernando)
300 _aXX, 342 p. ;
_c18 cm.
852 _aES-MaACL
_jF-13270
999 _c132090
_d132090